KOHA-Header-6

Abnormal Psychology the Problem of Maladaptive Behavior (Record no. 12146)

000 -LEADER
fixed length control field 00350nam a22001457a 4500
020 ## - INTERNATIONAL STANDARD BOOK NUMBER
ISBN 978-93-325-8484-6
082 ## - DEWEY DECIMAL CLASSIFICATION NUMBER
Classification number 616.89
100 ## - MAIN ENTRY--AUTHOR NAME
Personal name Irwin G.Sarason
245 ## - TITLE STATEMENT
Title Abnormal Psychology the Problem of Maladaptive Behavior
250 ## - EDITION STATEMENT
Edition statement 11th
260 ## - PUBLICATION, DISTRIBUTION, ETC. (IMPRINT)
Place of publication New York
Name of publisher Pearson
Year of publication 2017
300 ## - PHYSICAL DESCRIPTION
Number of Pages 695
650 ## - SUBJECT ADDED ENTRY--TOPICAL TERM
Topical Term Psychology
942 ## - ADDED ENTRY ELEMENTS (KOHA)
Koha item type Books
Holdings
Withdrawn status Lost status Collection code Permanent Location Current Location Shelving location Date acquired Full call number Accession Number Koha item type
    Psychology MAJU MAJU Shelf No.A35 2019-10-31 616.89 9425 Psychology

Powered by Koha